NFL Trivia Easy - Statistics

General Stats
  • This quiz has been taken 379 times
  • The average score is 13 of 15
Answer Stats
Question Answer % Correct
What team created the play "Philly Special" Eagles
100%
Which is not a current NFL team. Oilers
100%
What team was Tom Brady drafted for. Patriots
100%
Who is named the GOAT by most people. Tom Brady
100%
Who is the last pick in the draft called Mr. Irrelevant
96%
Who blew a 28-3 lead in the Superbowl. :) Falcons
93%
Who has the most receiving yards in NFL history Jerry Rice
93%
What team was stopped on the one yard line to lose a Superbowl. :) Seahawks
93%
Which team has never made the Superbowl Jaguars
89%
How many Superbowls do the Steelers have 6
81%
How many teams go to the playoffs. (In total) 14
78%
What team was known as the greatest show on turf The 2000 Rams
74%
Who is not a QB. Joe Jacobs
70%
What player is known as a major draft bust Ryan Leaf
70%
Which one of these Texans are known as a major draft bust. David Carr
41%
No matching quizzes found
Score Distribution
Percent of People with Each Score
Percentile by Number Answered
Your Score History
You have not taken this quiz